[Event "Liga Insular Gran Canaria 2a"]
[Site "Las Palmas"]
[Date "2019.04.06"]
[Round "5.3"]
[White "Chaparro Grande, Fernando"]
[Black "Perez Cardona, Jose Fernando"]
[Result "1/2-1/2"]
[WhiteElo "1582"]
[BlackElo "1475"]
[PlyCount "85"]
[EventDate "2019.03.02"]
[EventType "team-tourn"]
[EventRounds "7"]
[EventCountry "ESP"]
[SourceTitle "EXT 2021"]
[Source "ChessBase"]
[SourceDate "2020.10.23"]
[SourceVersion "1"]
[SourceVersionDate "2020.10.23"]
[SourceQuality "1"]
[WhiteTeam "Villa de Teror III"]
[BlackTeam "Cadetra"]
[WhiteTeamCountry "ESP"]
[BlackTeamCountry "ESP"]

1. e4 e5 2. Nf3 Nc6 3. Bb5 a6 4. Ba4 Nf6 5. d3 b5 6. Bb3 Be7 7. 0-0 0-0 8. Nbd2 d6 9. a4 Bb7 10. Re1 Na5 11. c3 c5 12. Ba2 Nc6 13. Nf1 b4 14. Ne3 d5 15. exd5 Na5 16. c4 e4 17. Nf5 exf3 18. Nxe7+ Kh8 19. Qxf3 Re8 20. Bg5 Rxe7 21. Rxe7 Qxe7 22. Bxf6 gxf6 23. Qe3 Qxe3 24. fxe3 b3 25. Bb1 Re8 26. Kf2 Bc8 27. h3 h5 28. e4 f5 29. Ra3 fxe4 30. dxe4 Nxc4 31. Ra1 Nxb2 32. Ra3 Nc4 33. Rxb3 Nd2 34. Rb2 Nxb1 35. Rxb1 Rxe4 36. Kf3 Re8 37. Rb6 Re5 38. d6 Bd7 39. Rxa6 Kg7 40. Kf4 Kf6 41. Ra7 Ke6 42. Rxd7 Rf5+ 43. Ke4 1/2-1/2

[Event "Liga Insular Gran Canaria 2a"]
[Site "Las Palmas"]
[Date "2019.03.23"]
[Round "4.2"]
[White "Chaparro Grande, Fernando"]
[Black "Quintana Diaz, Juan Manuel"]
[Result "1-0"]
[WhiteElo "1582"]
[BlackElo "1168"]
[PlyCount "47"]
[EventDate "2019.03.02"]
[EventType "team-tourn"]
[EventRounds "7"]
[EventCountry "ESP"]
[SourceTitle "EXT 2021"]
[Source "ChessBase"]
[SourceDate "2020.10.23"]
[SourceVersion "1"]
[SourceVersionDate "2020.10.23"]
[SourceQuality "1"]
[WhiteTeam "Villa de Teror III"]
[BlackTeam "Panaderia Pulido San Mateo IV"]
[WhiteTeamCountry "ESP"]
[BlackTeamCountry "ESP"]

1. e4 e5 2. Nf3 d6 3. h3 Nf6 4. Nc3 Nc6 5. Bc4 Be7 6. a3 0-0 7. 0-0 b6 8. d3 Bb7 9. Bg5 Nd4 10. Nxd4 exd4 11. Ne2 c5 12. Bxf6 Bxf6 13. Ng3 Re8 14. Qf3 Re5 15. Qg4 d5 16. f4 Re6 17. Bb3 c4 18. e5 Bh4 19. Nf5 Rg6 20. Qxh4 f6 21. dxc4 dxc4 22. Bxc4+ Kf8 23. Rf2 Bd5 24. Qxh7 1-0

[Event "Liga Insular Gran Canaria 1a"]
[Site "Las Palmas"]
[Date "2019.03.09"]
[Round "2.2"]
[White "Chaparro Grande, Fernando"]
[Black "Suarez Ramirez, Jonay"]
[Result "0-1"]
[WhiteElo "1582"]
[BlackElo "1829"]
[PlyCount "108"]
[EventDate "2019.03.02"]
[EventType "team-tourn"]
[EventRounds "7"]
[EventCountry "ESP"]
[SourceTitle "EXT 2021"]
[Source "ChessBase"]
[SourceDate "2020.10.23"]
[SourceVersion "1"]
[SourceVersionDate "2020.10.23"]
[SourceQuality "1"]
[WhiteTeam "Villa de Teror II"]
[BlackTeam "Hotel Avda de Canarias III"]
[WhiteTeamCountry "ESP"]
[BlackTeamCountry "ESP"]

1. e4 c5 2. Nf3 Nc6 3. d4 cxd4 4. Nxd4 g6 5. Be3 Bg7 6. Nc3 Nf6 7. Be2 0-0 8. Qd2 d5 9. exd5 Nxd5 10. Nxd5 Qxd5 11. Bf3 Qc4 12. Nxc6 bxc6 13. b3 Qc3 14. Rd1 Bf5 15. Qxc3 Bxc3+ 16. Ke2 Rfd8 17. Rxd8+ Rxd8 18. Rd1 Rc8 19. Bc5 Bf6 20. c4 a5 21. Bb6 a4 22. Rd8+ Rxd8 23. Bxd8 axb3 24. axb3 c5 25. Kd2 Kf8 26. Bc6 Bd4 27. f3 Be5 28. g4 Be6 29. h3 h5 30. Bb6 Bd6 31. Kd3 Kg7 32. Ba5 Kf6 33. Bd2 hxg4 34. hxg4 Kg7 35. Bc3+ f6 36. g5 Kf7 37. gxf6 exf6 38. Ke4 g5 39. Bd2 f5+ 40. Kd3 Kf6 41. Bc3+ Ke7 42. Bd2 f4 43. Bc3 Bf5+ 44. Be4 Ke6 45. Bg7 g4 46. fxg4 Bxg4 47. Bd5+ Kf5 48. Be4+ Kg5 49. Kd2 Kh4 50. Bc3 Kg3 51. Ke1 f3 52. Bd3 f2+ 53. Kd2 Bf4+ 54. Kc2 Bf5 0-1

[Event "Canarias-chT"]
[Site "Vecindario"]
[Date "2018.06.03"]
[Round "6.4"]
[White "Chaparro Grande, Fernando"]
[Black "Farina Vidal, Carlos"]
[Result "0-1"]
[WhiteElo "1578"]
[BlackElo "1415"]
[PlyCount "80"]
[EventDate "2018.05.31"]
[EventType "team-swiss"]
[EventRounds "6"]
[EventCountry "ESP"]
[SourceTitle "EXT 2024"]
[Source "ChessBase"]
[SourceDate "2023.10.10"]
[SourceVersion "1"]
[SourceVersionDate "2023.10.10"]
[SourceQuality "1"]
[WhiteTeam "Villa de Teror Goya "]
[BlackTeam "Hotel Avda de Canarias II"]
[WhiteTeamCountry "ESP"]
[BlackTeamCountry "ESP"]

1. b4 d5 2. Bb2 Nf6 3. e3 Nbd7 4. Nf3 e6 5. a3 b6 6. Bb5 Bb7 7. Bxf6 gxf6 8. Nd4 Bd6 9. Qh5 Qe7 10. Bc6 0-0-0 11. c4 Be5 12. cxd5 Bxd4 13. Bxb7+ Kxb7 14. Qf3 Kb8 15. exd4 exd5+ 16. Qe3 Qd6 17. 0-0 Rdg8 18. Nc3 h5 19. Rac1 a6 20. Qe2 Kb7 21. a4 Rg4 22. Qe3 Rhg8 23. g3 h4 24. Ne2 f5 25. Nf4 Rxf4 26. Rc3 Rfg4 27. Rfc1 hxg3 28. Rxc7+ Kb8 29. Kf1 gxf2 30. Rxd7 Qxd7 31. Qe5+ Kb7 32. Kxf2 Rg2+ 33. Kf3 Rxd2 34. b5 axb5 35. axb5 Rb2 36. Rc6 Rxb5 37. Rd6 Qe8 38. Qxf5 Rb3+ 39. Kf2 Qe3+ 40. Kf1 Rg1# 0-1

[Event "Gran Canaria Galdos op 3rd"]
[Site "Gran Canaria"]
[Date "2018.04.25"]
[Round "4"]
[White "Roque Hernandez, Francisco"]
[Black "Chaparro Grande, Fernando"]
[Result "1-0"]
[WhiteElo "1276"]
[BlackElo "1563"]
[PlyCount "52"]
[EventDate "2018.04.18"]
[EventType "swiss"]
[EventRounds "5"]
[EventCountry "ESP"]
[SourceTitle "EXT 2024"]
[Source "ChessBase"]
[SourceDate "2023.10.10"]
[SourceVersion "1"]
[SourceVersionDate "2023.10.10"]
[SourceQuality "1"]

1. d4 Nf6 2. c4 e6 3. Nf3 c5 4. Bg5 cxd4 5. Nxd4 Qa5+ 6. Bd2 Qb6 7. Nb3 Ne4 8. Be3 Qb4+ 9. N1d2 Nxd2 10. Bxd2 Qxc4 11. Rc1 Qa4 12. Rxc8+ Ke7 13. a3 d6 14. Bb4 Qd7 15. Rc1 Nc6 16. Bc3 Rg8 17. g3 g6 18. Qd2 f6 19. Bh3 g5 20. 0-0 h5 21. Qd3 f5 22. Bg2 Kf7 23. Nd4 Ne5 24. Qb5 Rb8 25. Qb3 d5 26. Rfd1 a6 1-0

[Event "Gran Canaria Galdos op 3rd"]
[Site "Gran Canaria"]
[Date "2018.04.20"]
[Round "2"]
[White "Bozinovic, Boban"]
[Black "Chaparro Grande, Fernando"]
[Result "1-0"]
[WhiteElo "1990"]
[BlackElo "1563"]
[PlyCount "117"]
[EventDate "2018.04.18"]
[EventType "swiss"]
[EventRounds "5"]
[EventCountry "ESP"]
[SourceTitle "EXT 2024"]
[Source "ChessBase"]
[SourceDate "2023.10.10"]
[SourceVersion "1"]
[SourceVersionDate "2023.10.10"]
[SourceQuality "1"]

1. e4 g6 2. d4 Bg7 3. Nc3 d6 4. Nf3 a6 5. Bc4 Nf6 6. Bb3 b5 7. a3 0-0 8. 0-0 Nbd7 9. e5 dxe5 10. dxe5 Ng4 11. e6 Nde5 12. exf7+ Nxf7 13. Qxd8 Rxd8 14. Nd5 Rd7 15. Re1 Kf8 16. h3 Nf6 17. Nf4 Rd6 18. Bxf7 Kxf7 19. Ng5+ Ke8 20. Nfe6 Bxe6 21. Nxe6 Rxe6 22. Rxe6 Kd7 23. Re2 Re8 24. Bf4 Nd5 25. Rd1 c6 26. Be5 Bh6 27. b3 Kc8 28. g3 Nb6 29. Kg2 Nd7 30. Bd6 e5 31. f4 e4 32. Rde1 Re6 33. Bb4 Nf6 34. Bc3 Nd5 35. Be5 Bf8 36. Bb2 e3 37. c4 Nb6 38. Rxe3 Rxe3 39. Rxe3 Bc5 40. Re8+ Kd7 41. Rh8 bxc4 42. Rxh7+ Ke6 43. bxc4 Nxc4 44. Bc1 Bd4 45. Kf3 a5 46. g4 Nd6 47. Be3 Bxe3 48. Kxe3 Nc4+ 49. Kd3 Nxa3 50. Rg7 Kf6 51. Rc7 c5 52. Rxc5 a4 53. Ra5 Ke6 54. Ra6+ Kf7 55. Rb6 Kg7 56. h4 Kf7 57. Rb4 Kf6 58. Kc3 Ke6 59. Kb2 1-0

[Event "Las Palmas Cabildo op"]
[Site "Las Palmas"]
[Date "2017.03.31"]
[Round "7"]
[White "Chaparro Grande, Fernando"]
[Black "Rodriguez Medina, Jose Chedey"]
[Result "1-0"]
[WhiteElo "1575"]
[BlackElo "1402"]
[PlyCount "33"]
[EventDate "2017.03.10"]
[EventType "swiss"]
[EventRounds "7"]
[EventCountry "ESP"]
[SourceTitle "EXT 2018"]
[Source "ChessBase"]
[SourceDate "2017.10.13"]
[SourceVersion "1"]
[SourceVersionDate "2017.10.13"]
[SourceQuality "1"]

1. e4 c5 2. Nf3 d6 3. d4 cxd4 4. Nxd4 Nf6 5. Nc3 g6 6. Bg5 Bg7 7. Bc4 0-0 8. Qd2 Bd7 9. Bh6 Nc6 10. Bxg7 Kxg7 11. 0-0 Rc8 12. Kh1 Qb6 13. Nxc6 Bxc6 14. Bb3 Nxe4 15. Nxe4 Bxe4 16. Rfe1 Qc6 17. Qd4+ 1-0

[Event "Las Palmas Cabildo op"]
[Site "Las Palmas"]
[Date "2017.03.28"]
[Round "6"]
[White "Medina Martin, Alberto"]
[Black "Chaparro Grande, Fernando"]
[Result "1-0"]
[WhiteElo "1790"]
[BlackElo "1575"]
[PlyCount "131"]
[EventDate "2017.03.10"]
[EventType "swiss"]
[EventRounds "7"]
[EventCountry "ESP"]
[SourceTitle "EXT 2018"]
[Source "ChessBase"]
[SourceDate "2017.10.13"]
[SourceVersion "1"]
[SourceVersionDate "2017.10.13"]
[SourceQuality "1"]

1. d4 Nf6 2. c4 e6 3. Nc3 c5 4. d5 a6 5. e4 d6 6. h3 g6 7. Bd3 Bg7 8. Nf3 Nbd7 9. 0-0 0-0 10. Bd2 exd5 11. exd5 Re8 12. Qc2 Ne5 13. Nxe5 Rxe5 14. Bf4 Re7 15. Rfe1 Qf8 16. Qd2 Bd7 17. Rxe7 Qxe7 18. Re1 Qf8 19. b3 Nh5 20. Bh2 f5 21. Ne2 Re8 22. Nf4 Bh6 23. Rxe8 Qxe8 24. Nxh5 Bxd2 25. Nf6+ Kf7 26. Nxe8 Kxe8 27. Bxd6 Bb4 28. Kf1 Kf7 29. Be5 Ba5 30. a3 Ke7 31. Ke2 Be8 32. Kd1 Bd7 33. Be2 Be8 34. g4 Bd7 35. gxf5 Bxf5 36. Bg4 Bd7 37. f3 b5 38. Bxd7 Kxd7 39. Ke2 Bd8 40. Ke3 Bg5+ 41. Ke4 Be7 42. Kf4 Kc8 43. Ke3 Kd7 44. Ke4 Bf8 45. Kf4 Be7 46. Kg4 Kc8 47. h4 h5+ 48. Kg3 Kb7 49. Bf4 Kb6 50. Be5 bxc4 51. bxc4 Ka5 52. Bc7+ Ka4 53. d6 Bf6 54. d7 Kxa3 55. d8Q Bxd8 56. Bxd8 Kb3 57. Kf4 Kxc4 58. Kg5 Kd3 59. Kxg6 c4 60. f4 c3 61. f5 a5 62. Be7 a4 63. f6 c2 64. Ba3 Kd2 65. f7 c1Q 66. Bxc1+ 1-0

[Event "Las Palmas Cabildo op"]
[Site "Las Palmas"]
[Date "2017.03.17"]
[Round "3"]
[White "Hernandez Suarez, Francisco"]
[Black "Chaparro Grande, Fernando"]
[Result "0-1"]
[WhiteElo "1167"]
[BlackElo "1575"]
[PlyCount "22"]
[EventDate "2017.03.10"]
[EventType "swiss"]
[EventRounds "7"]
[EventCountry "ESP"]
[SourceTitle "EXT 2018"]
[Source "ChessBase"]
[SourceDate "2017.10.13"]
[SourceVersion "1"]
[SourceVersionDate "2017.10.13"]
[SourceQuality "1"]

1. d4 Nf6 2. c4 c5 3. Nf3 g6 4. e3 Bg7 5. Be2 d6 6. Nbd2 Bf5 7. Qb3 Qc7 8. 0-0 Nc6 9. d5 Nb4 10. a3 Bc2 11. Qa2 Nxa2 0-1

[Event "Las Palmas Cabildo op"]
[Site "Las Palmas"]
[Date "2017.03.10"]
[Round "1"]
[White "Cruz Pino, Adrian"]
[Black "Chaparro Grande, Fernando"]
[Result "1-0"]
[WhiteElo "2126"]
[BlackElo "1575"]
[PlyCount "65"]
[EventDate "2017.03.10"]
[EventType "swiss"]
[EventRounds "7"]
[EventCountry "ESP"]
[SourceTitle "EXT 2018"]
[Source "ChessBase"]
[SourceDate "2017.10.13"]
[SourceVersion "1"]
[SourceVersionDate "2017.10.13"]
[SourceQuality "1"]

1. Nf3 g6 2. d3 Bg7 3. h4 Nf6 4. e4 d6 5. Be2 Nbd7 6. Nbd2 a5 7. Nf1 Nh5 8. Ng5 h6 9. Nh3 Nhf6 10. g4 Ne5 11. f3 c5 12. c3 Bd7 13. Ne3 b5 14. f4 Nc6 15. Bf3 Qc7 16. g5 hxg5 17. Nxg5 e6 18. d4 Nh5 19. d5 Ne7 20. e5 Ra6 21. Ne4 dxe5 22. d6 Qd8 23. Nxc5 Rc6 24. dxe7 Qxe7 25. Qxd7+ Qxd7 26. Nxd7 Rxc3 27. bxc3 exf4 28. Bb2 Kxd7 29. 0-0-0+ Kc7 30. Ng2 Rc8 31. Kb1 Rb8 32. Bxh5 gxh5 33. Nxf4 1-0

[Event "Gran Canaria Santana Memorial 5th"]
[Site "Gran Canaria"]
[Date "2017.02.24"]
[Round "7"]
[White "Melian Santana, Juan"]
[Black "Chaparro Grande, Fernando"]
[Result "0-1"]
[WhiteElo "1156"]
[BlackElo "1619"]
[PlyCount "74"]
[EventDate "2017.02.03"]
[EventType "swiss"]
[EventRounds "7"]
[EventCountry "ESP"]
[SourceTitle "CBM 177 Extra"]
[Source "ChessBase"]
[SourceDate "2017.04.27"]
[SourceVersion "1"]
[SourceVersionDate "2017.04.27"]
[SourceQuality "1"]

1. e4 g6 2. Nf3 Bg7 3. d4 d6 4. Be3 a6 5. c3 Nd7 6. Bd3 Ngf6 7. Nbd2 c5 8. d5 b5 9. b3 Ng4 10. Rc1 Nxe3 11. fxe3 0-0 12. 0-0 Nf6 13. h3 Qa5 14. a4 Qb6 15. c4 Bd7 16. Rb1 Qa5 17. Bc2 Bh6 18. Re1 Qc3 19. Nf1 bxc4 20. bxc4 Qxc4 21. N3d2 Qc3 22. Rb3 Qa5 23. Qa1 Bg7 24. Qa2 Rab8 25. Reb1 Rb4 26. Rxb4 cxb4 27. Nc4 Qc5 28. a5 Bb5 29. Nb6 Nd7 30. Nxd7 Bxd7 31. Bd3 Bb5 32. Bxb5 Qxb5 33. Nd2 Rc8 34. Nb3 Qd3 35. Re1 Rc2 36. Qb1 Bc3 37. Rf1 Qe2 0-1

[Event "Gran Canaria Santana Memorial 5th"]
[Site "Gran Canaria"]
[Date "2017.02.21"]
[Round "6"]
[White "Chaparro Grande, Fernando"]
[Black "Rodriguez Medina, Jose Chedey"]
[Result "0-1"]
[WhiteElo "1619"]
[BlackElo "1347"]
[PlyCount "53"]
[EventDate "2017.02.03"]
[EventType "swiss"]
[EventRounds "7"]
[EventCountry "ESP"]
[SourceTitle "CBM 177 Extra"]
[Source "ChessBase"]
[SourceDate "2017.04.27"]
[SourceVersion "1"]
[SourceVersionDate "2017.04.27"]
[SourceQuality "1"]

1. e4 c5 2. Nf3 d6 3. d4 cxd4 4. Nxd4 Nf6 5. Nc3 g6 6. Bc4 Bg7 7. Be3 0-0 8. h3 Nc6 9. f4 Qb6 10. Bb3 Nxe4 11. Nd5 Qa5+ 12. c3 e6 13. Nxc6 bxc6 14. Ne7+ Kh8 15. Nxc8 Rfxc8 16. Bd4 c5 17. Bxg7+ Kxg7 18. Bc2 d5 19. b4 Qb6 20. Bxe4 dxe4 21. bxc5 Qxc5 22. Rc1 Rd8 23. Qe2 Rd3 24. Kf1 Rad8 25. Qf2 Rd1+ 26. Rxd1 Rxd1+ 27. Ke2 0-1

[Event "Gran Canaria Santana Memorial 5th"]
[Site "Gran Canaria"]
[Date "2017.02.14"]
[Round "4"]
[White "Duke, Matthew Aaron"]
[Black "Chaparro Grande, Fernando"]
[Result "0-1"]
[WhiteElo "1208"]
[BlackElo "1619"]
[PlyCount "126"]
[EventDate "2017.02.03"]
[EventType "swiss"]
[EventRounds "7"]
[EventCountry "ESP"]
[SourceTitle "CBM 177 Extra"]
[Source "ChessBase"]
[SourceDate "2017.04.27"]
[SourceVersion "1"]
[SourceVersionDate "2017.04.27"]
[SourceQuality "1"]

1. e4 e5 2. Bc4 Nf6 3. d3 h6 4. f4 d5 5. Bb3 dxe4 6. fxe5 Nd5 7. dxe4 Qh4+ 8. Kf1 Bc5 9. Qe2 Nb6 10. Qb5+ N6d7 11. Qe2 Nxe5 12. Nf3 Qf6 13. Ke1 Bg4 14. Nbd2 Nbc6 15. c3 0-0-0 16. Bd5 Nxf3+ 17. Nxf3 Ne5 18. Qb5 Nxf3+ 19. gxf3 Qh4+ 20. Kd1 Bxf3+ 21. Kc2 Qf2+ 22. Bd2 c6 23. Qd3 cxd5 24. Rhf1 Bxe4 25. Rxf2 Bxd3+ 26. Kxd3 Bxf2 27. Rf1 Bh4 28. Rxf7 Bf6 29. Be3 Kb8 30. Bf4+ Ka8 31. b4 Rc8 32. Bc7 Rhe8 33. h3 Re7 34. Rxe7 Bxe7 35. Bf4 Bf6 36. Bd2 b6 37. a4 Rc4 38. Be1 a5 39. bxa5 bxa5 40. Kc2 Rxa4 41. Kb3 Rc4 42. Kc2 a4 43. h4 a3 44. Kb3 a2 45. Kxa2 Bxc3 46. Bg3 Bf6 47. Kb1 d4 48. Ka2 d3 49. Be1 d2 50. Bxd2 Rc2+ 51. Kb3 Rxd2 52. h5 Rh2 53. Kc4 Rxh5 54. Kd3 Re5 55. Kc4 g5 56. Kd3 g4 57. Kc2 g3 58. Kd3 g2 59. Kc4 g1Q 60. Kd3 Qe3+ 61. Kc4 Rc5+ 62. Kb4 Qc3+ 63. Ka4 Ra5# 0-1

[Event "Las Palmas Insular-chT Primera-B 1617"]
[Site "Las Palmas"]
[Date "2016.11.12"]
[Round "4.4"]
[White "Chaparro Grande, Fernando"]
[Black "Robaina Bordon, Hector"]
[Result "0-1"]
[WhiteElo "1607"]
[BlackElo "1795"]
[PlyCount "120"]
[EventDate "2016.10.22"]
[EventType "team-tourn"]
[EventRounds "14"]
[EventCountry "ESP"]
[SourceTitle "EXT 2018"]
[Source "ChessBase"]
[SourceDate "2017.10.13"]
[SourceVersion "1"]
[SourceVersionDate "2017.10.13"]
[SourceQuality "1"]
[WhiteTeam "Drago de Sataute Centro Goya III"]
[BlackTeam "Grandama II"]
[WhiteTeamCountry "ESP"]
[BlackTeamCountry "ESP"]

1. e4 c6 2. d4 d5 3. Nc3 dxe4 4. Nxe4 Bf5 5. Ng3 Bg6 6. Nf3 Nd7 7. Nh4 e5 8. Nxg6 hxg6 9. Bc4 exd4 10. Qxd4 Qe7+ 11. Be3 Rh4 12. Qc3 Nb6 13. Bb3 0-0-0 14. 0-0 Nf6 15. Qa5 Kb8 16. Bxb6 axb6 17. Qxb6 Nd5 18. Qa5 f5 19. Rfe1 Qc7 20. Qxc7+ Kxc7 21. Rad1 Bc5 22. c4 Nb6 23. Rxd8 Kxd8 24. h3 Rf4 25. Nh1 Nxc4 26. Rc1 b5 27. Bd1 Bb6 28. Bf3 Kc7 29. Be2 Kb7 30. b3 Ne5 31. Kf1 Rd4 32. Rc2 g5 33. Ng3 g6 34. f3 Bc7 35. Kf2 Kb6 36. Bf1 Bd6 37. Ne2 Rd1 38. Nc3 Bc5+ 39. Ke2 Rd8 40. Rd2 Re8 41. Kd1 Bb4 42. Kc2 Ra8 43. Kb2 Ba3+ 44. Kb1 Bb4 45. Rc2 Rd8 46. a4 Bxc3 47. Rxc3 Rd1+ 48. Rc1 Rxc1+ 49. Kxc1 bxa4 50. b4 c5 51. bxc5+ Kxc5 52. Kb2 Kb4 53. Ka2 Nc4 54. g4 f4 55. Bd3 Ne5 56. Be4 a3 57. Bd5 Kc5 58. Be4 Kd4 59. Kxa3 Ke3 60. Kb3 Nxf3 0-1

[Event "Gran Canaria Dominguez Memorial 3rd"]
[Site "Gran Canaria"]
[Date "2016.05.24"]
[Round "3"]
[White "Chaparro Grande, Fernando"]
[Black "Ramirez Maillo, Cristian"]
[Result "0-1"]
[WhiteElo "1613"]
[BlackElo "1734"]
[PlyCount "64"]
[EventDate "2016.05.17"]
[EventType "swiss"]
[EventRounds "7"]
[EventCountry "ESP"]
[SourceTitle "CBM 172 Extra"]
[Source "ChessBase"]
[SourceDate "2016.06.21"]
[SourceVersion "1"]
[SourceVersionDate "2016.06.21"]
[SourceQuality "1"]

1. b4 c6 2. Bb2 a5 3. c3 d5 4. e3 e5 5. Nf3 Bd6 6. a3 Nf6 7. Qc2 Bg4 8. Be2 Nbd7 9. h3 Bh5 10. 0-0 Qe7 11. d3 e4 12. Nd4 Qe5 13. g3 0-0 14. Nd2 Bxe2 15. Nxe2 Qh5 16. Nf4 Bxf4 17. exf4 Qxh3 18. Rfe1 Ng4 19. Nf1 Ndf6 20. dxe4 Nxe4 21. f3 Nxg3 22. fxg4 Qh1+ 23. Kf2 Nxf1 24. Ke2 Rfe8+ 25. Kd3 Qf3+ 26. Kd4 Qxf4+ 27. Kc5 Qc4+ 28. Kd6 Rad8+ 29. Kc7 Rc8+ 30. Kd6 Red8+ 31. Ke5 Qxg4 32. Rxf1 f6+ 0-1

[Event "Gran Canaria Dominguez Memorial 3rd"]
[Site "Gran Canaria"]
[Date "2016.05.17"]
[Round "1"]
[White "Chaparro Grande, Fernando"]
[Black "Ramirez Medina, Victor"]
[Result "0-1"]
[WhiteElo "1613"]
[BlackElo "2193"]
[PlyCount "52"]
[EventDate "2016.05.17"]
[EventType "swiss"]
[EventRounds "7"]
[EventCountry "ESP"]
[SourceTitle "CBM 172 Extra"]
[Source "ChessBase"]
[SourceDate "2016.06.21"]
[SourceVersion "1"]
[SourceVersionDate "2016.06.21"]
[SourceQuality "1"]

1. e4 c5 2. Nf3 d6 3. d4 cxd4 4. Nxd4 Nf6 5. Nc3 a6 6. Be3 e6 7. Be2 Be7 8. f4 Qc7 9. Bf3 Nc6 10. Qe2 Bd7 11. Qf2 Rc8 12. Qg3 0-0 13. e5 dxe5 14. Nxc6 Bxc6 15. fxe5 Nd7 16. Bxc6 bxc6 17. Bf4 Rb8 18. Rb1 Rfd8 19. Ne4 Nf8 20. 0-0 Ng6 21. Bg5 Rd5 22. Bxe7 Qxe7 23. Nd6 Rf8 24. Rbe1 Nxe5 25. Rxe5 Qxd6 26. Rg5 Qc5+ 0-1

[Event "Gran Canaria Galdos op 1st"]
[Site "Gran Canaria"]
[Date "2016.05.05"]
[Round "6"]
[White "Guerrero Orihuela, Jose Luis"]
[Black "Chaparro Grande, Fernando"]
[Result "1/2-1/2"]
[WhiteElo "1669"]
[BlackElo "1620"]
[PlyCount "66"]
[EventDate "2016.04.26"]
[EventType "swiss"]
[EventRounds "6"]
[EventCountry "ESP"]
[SourceTitle "CBM 172 Extra"]
[Source "ChessBase"]
[SourceDate "2016.06.21"]
[SourceVersion "1"]
[SourceVersionDate "2016.06.21"]
[SourceQuality "1"]

1. d4 Nf6 2. c4 e6 3. Nc3 d5 4. cxd5 exd5 5. Bg5 Nbd7 6. e3 c6 7. Bd3 h6 8. Bh4 Be7 9. Qc2 c5 10. dxc5 Nxc5 11. Bb5+ Bd7 12. Bxf6 Bxf6 13. Bxd7+ Qxd7 14. Nge2 Rc8 15. Rd1 Ne6 16. Qd2 Nc7 17. e4 Qg4 18. 0-0 dxe4 19. Nxe4 Be7 20. h3 Qe6 21. Nf4 Qc6 22. Nd6+ Bxd6 23. Qxd6 Qxd6 24. Rxd6 Ke7 25. Rd3 Rhd8 26. Re1+ Kf8 27. Rb3 b6 28. Ra3 Nb5 29. Rf3 Nd4 30. Ng6+ Kg8 31. Ne7+ Kf8 32. Ng6+ Kg8 33. Ne7+ Kf8 1/2-1/2

[Event "Las Palmas Insular-chT Primera-B"]
[Site "Las Palmas"]
[Date "2016.01.23"]
[Round "10.2"]
[White "Donate Villalba, Juan Francisco"]
[Black "Chaparro Grande, Fernando"]
[Result "1-0"]
[WhiteElo "1619"]
[BlackElo "1606"]
[PlyCount "83"]
[EventDate "2015.10.17"]
[EventType "team-tourn"]
[EventRounds "14"]
[EventCountry "ESP"]
[SourceTitle "CBM 170 Extra"]
[Source "ChessBase"]
[SourceDate "2016.02.25"]
[SourceVersion "1"]
[SourceVersionDate "2016.02.25"]
[SourceQuality "1"]
[WhiteTeam "Hotel Avda de Canarias V"]
[BlackTeam "Goya Villa de Teror IV"]
[WhiteTeamCountry "ESP"]
[BlackTeamCountry "ESP"]

1. e4 e5 2. Bc4 Nf6 3. Nc3 Be7 4. Nf3 d6 5. h3 0-0 6. d3 Nbd7 7. 0-0 a5 8. Be3 c6 9. a4 h6 10. d4 Qc7 11. d5 cxd5 12. Bxd5 Nxd5 13. Nxd5 Qd8 14. Qd2 Nf6 15. Bb6 Qd7 16. Rfe1 Nxd5 17. Qxd5 Qc6 18. Qxc6 bxc6 19. b3 f5 20. Rad1 fxe4 21. Rxe4 Bf5 22. Re2 Rfc8 23. Be3 Rd8 24. Bc1 c5 25. Bb2 Rf8 26. Nh2 Bg6 27. Ng4 Bh5 28. f3 Rad8 29. Bc3 Ra8 30. Ne3 e4 31. Nd5 exf3 32. Nxe7+ Kf7 33. Rf1 Rfe8 34. g4 Rxe7 35. Rxf3+ Ke8 36. Rxe7+ Kxe7 37. gxh5 d5 38. Bb2 d4 39. Ba3 Rc8 40. Rf5 Kd6 41. Rf7 Rg8 42. Ra7 1-0

[Event "Las Palmas Insular-chT Primera-B"]
[Site "Las Palmas"]
[Date "2015.11.28"]
[Round "4.2"]
[White "Damaso Tacoronte, Carolina"]
[Black "Chaparro Grande, Fernando"]
[Result "0-1"]
[WhiteElo "1819"]
[BlackElo "1606"]
[PlyCount "84"]
[EventDate "2015.10.17"]
[EventType "team-tourn"]
[EventRounds "14"]
[EventCountry "ESP"]
[SourceTitle "CBM 170 Extra"]
[Source "ChessBase"]
[SourceDate "2016.02.25"]
[SourceVersion "1"]
[SourceVersionDate "2016.02.25"]
[SourceQuality "1"]
[WhiteTeam "La Aldea"]
[BlackTeam "Goya Villa de Teror IV"]
[WhiteTeamCountry "ESP"]
[BlackTeamCountry "ESP"]

1. e4 e5 2. Nf3 Nc6 3. Bc4 Nf6 4. 0-0 Bc5 5. d3 0-0 6. Bg5 h6 7. Bh4 Re8 8. Nc3 g5 9. Bg3 Bf8 10. Nd5 d6 11. Qd2 Nxd5 12. Bxd5 Bg7 13. c3 Ne7 14. Bb3 Ng6 15. Ne1 Be6 16. Nc2 a5 17. Ne3 Ne7 18. Qc2 Qd7 19. a4 Rf8 20. Rad1 Bxb3 21. Qxb3 Rab8 22. Ra1 Kh8 23. Nd5 Nxd5 24. Qxd5 b6 25. Kh1 f5 26. exf5 Rxf5 27. f3 Re8 28. Qb5 Qe6 29. Qc6 Qf7 30. Rae1 d5 31. Re2 h5 32. Be1 Kh7 33. Bd2 Re6 34. Qa8 c6 35. Qd8 e4 36. dxe4 dxe4 37. Re3 Rd5 38. Qxb6 Rxd2 39. Qxa5 Qf4 40. Ree1 exf3 41. g3 Rxe1 42. Rxe1 f2 0-1

[Event "Gran Canaria Larsen Memorial 1st"]
[Site "Gran Canaria"]
[Date "2015.09.11"]
[Round "2"]
[White "Chaparro Grande, Fernando"]
[Black "Sanchez Quintero, Raul"]
[Result "0-1"]
[WhiteElo "1605"]
[BlackElo "1979"]
[PlyCount "62"]
[EventDate "2015.09.09"]
[EventType "swiss"]
[EventRounds "7"]
[EventCountry "ESP"]
[SourceTitle "EXT 2016"]
[Source "ChessBase"]
[SourceDate "2015.10.08"]
[SourceVersion "1"]
[SourceVersionDate "2015.10.08"]
[SourceQuality "1"]

1. e4 e5 2. Nf3 Nc6 3. Bc4 Be7 4. 0-0 Nf6 5. Re1 0-0 6. c3 d6 7. h3 Na5 8. Bf1 c5 9. d4 Qc7 10. Na3 a6 11. Bd3 b5 12. b3 Rb8 13. dxe5 dxe5 14. c4 bxc4 15. Nxc4 Nxc4 16. Bxc4 Bb7 17. Bb2 Rbd8 18. Qc2 Nd7 19. Rad1 Bf6 20. Ba3 Qa5 21. Bc1 h6 22. Bd5 Qb6 23. Be3 Rc8 24. Rd3 Qc7 25. Red1 Rfd8 26. Rc3 Be7 27. Nh2 Bxd5 28. exd5 Nf6 29. Qc1 Nxd5 30. Rxd5 Rxd5 31. Bxh6 Qd6 0-1